01206nam a2200277 i 4500003000900000005001700009007000300026008004100029040003000070041000800100082001900108100006000127245013500187264007500322300002800397336002700425337003400452338002800486490003000514500019800544590002700742910000700769942001400776952012100790999001700911DO-SdBNP20251010150311.0ta251010b2011 dr ||||| |||| 00| 0 spa d aDO-SdBNPbspacBNPHUerda aspa 4axxxbA657e2221 aAquino Rodríguez, José Ángel eautor4aut.91222210aCuota femenina y representación política en República Dominicana :belecciones del 2010.cJosé Ángel Aquino Rodríguez. aSanto Domingo República DominicanabJunta Central Electoral, c2011. a48 páginas ;c23 cm.  atextobtxt2rdacontent asin mediación bn2rdamedia avolumenbnc2rdacarrier0 a Ensayos electorales ;v9 aEnsayo presentado en el V Congreso Latinoamericano de Ciencia Política, organizado por la Asociación Latinoamericana de Ciencia Política (ALACIP), Buenos Aires, 28 al 30 de julio del 2010 aInventariado, 2025 /LP aLP 2ddccLBS1 00102ddc708PD-FaBNPHUbBNPHUcCTd2024-07-18eDonación l0oxxx A657ep2025-11582r2025-10-10w2025-10-10yLF2 c59939d59939